[Event "37. Torneo Internacional de La Roda"]
[Site "La Roda ESP"]
[Date "2010.04.02"]
[Round "5.18"]
[White "Kovacevic, Slobodan"]
[Black "Suarez Uriel, Adrian"]
[Result "1/2-1/2"]
[WhiteElo "2383"]
[BlackElo "2152"]
[PlyCount "59"]
[EventDate "2010.03.31"]
[EventType "swiss"]
[EventRounds "9"]
[EventCountry "ESP"]
[Source "lmi"]
[SourceDate "2010.03.31"]

1. d4 Nf6 2. Nf3 g6 3. Bg5 Bg7 4. Nbd2 d5 5. c3 Nbd7 6. b4 O-O 7. e3 b6 8. Be2
Bb7 9. O-O Re8 10. h3 e5 11. dxe5 Nxe5 12. Nxe5 Rxe5 13. Nf3 Re8 14. b5 a6 15.
a4 axb5 16. axb5 Rxa1 17. Qxa1 Qa8 18. Bxf6 Bxf6 19. Nd4 Qxa1 20. Rxa1 Ra8 21.
Rc1 Ra2 22. Bf3 Ba8 23. Kf1 Kf8 24. Nc6 Bxc6 25. bxc6 Ra5 26. Rd1 Bxc3 27. Rxd5
Rxd5 28. Bxd5 Ke7 29. Ke2 f6 30. Kd3 1/2-1/2

[Event "37. Torneo Internacional de La Roda"]
[Site "La Roda ESP"]
[Date "2010.04.02"]
[Round "5.20"]
[White "Gemy, Jose Daniel"]
[Black "Picard, Romain"]
[Result "0-1"]
[WhiteElo "2215"]
[BlackElo "2363"]
[PlyCount "130"]
[EventDate "2010.03.31"]
[EventType "swiss"]
[EventRounds "9"]
[EventCountry "ESP"]
[Source "lmi"]
[SourceDate "2010.03.31"]

1. Nf3 Nf6 2. c4 b6 3. g3 c5 4. Bg2 Bb7 5. O-O e6 6. d4 cxd4 7. Qxd4 d6 8. Nc3
a6 9. Rd1 Nbd7 10. b3 Be7 11. h3 O-O 12. e4 Qc8 13. Bb2 Rd8 14. Rac1 Qc7 15.
Nh2 Bf8 16. Nf1 Rac8 17. Qe3 Qb8 18. g4 h6 19. g5 hxg5 20. Qxg5 Rc5 21. Qe3 Rh5
22. Ng3 Rh6 23. Rd2 Re8 24. Na4 Bc6 25. Rcd1 b5 26. cxb5 axb5 27. Nc3 d5 28. e5
Bc5 29. Qe2 Nxe5 30. Nxb5 Bxb5 31. Qxe5 Bd6 32. Qe1 Rg6 33. Rc2 Ba6 34. Kh1 Bb7
35. Qe3 Ba8 36. Rg1 Bf4 37. Qf3 Bxg3 38. fxg3 Rxg3 39. Qe2 e5 40. Qf2 Rg6 41.
Qh4 d4 42. Bxa8 Qxa8+ 43. Kh2 Rxg1 44. Kxg1 Qxa2 45. Rg2 Qb1+ 46. Kh2 Qf5 47.
Rg5 Qh7 48. Qe1 Qc2+ 49. Rg2 Qxb3 50. Qh4 Qf3 51. Bc1 Qf5 52. Bh6 Nh5 53. Rg5
Qc2+ 54. Rg2 Qf5 55. Rg5 Qf3 56. Bxg7 Nxg7 57. Qh6 Qf2+ 58. Kh1 Qe1+ 59. Kh2
Qd2+ 60. Kh1 Qc1+ 61. Kh2 Qc2+ 62. Rg2 Qh7 63. Qc6 Rf8 64. Qf6 e4 65. Qxd4 f5
0-1

[Event "37. Torneo Internacional de La Roda"]
[Site "La Roda ESP"]
[Date "2010.04.02"]
[Round "5.21"]
[White "Valmana Canto, Jaime"]
[Black "Navarro Lopez-Menchero, Daniel"]
[Result "1-0"]
[WhiteElo "2354"]
[BlackElo "2096"]
[PlyCount "61"]
[EventDate "2010.03.31"]
[EventType "swiss"]
[EventRounds "9"]
[EventCountry "ESP"]
[Source "lmi"]
[SourceDate "2010.03.31"]

1. e4 c5 2. Ne2 d6 3. g3 Nf6 4. Bg2 g6 5. O-O Bg7 6. c3 O-O 7. d4 Nc6 8. h3 Nd7
9. Be3 cxd4 10. cxd4 Nb6 11. Na3 f5 12. Qb3+ Kh8 13. exf5 Bxf5 14. g4 Bd7 15.
d5 Ne5 16. Bd4 Rc8 17. Rac1 g5 18. Qe3 h6 19. f4 Rxc1 20. Rxc1 gxf4 21. Nxf4
Kg8 22. Be4 Bf6 23. Ne6 Bxe6 24. Qxh6 Rf7 25. dxe6 Rg7 26. Qh5 Nf3+ 27. Bxf3
Bxd4+ 28. Kg2 Bxb2 29. Rf1 Bf6 30. Be4 Qc8 31. Rc1 1-0

[Event "37. Torneo Internacional de La Roda"]
[Site "La Roda ESP"]
[Date "2010.04.02"]
[Round "5.22"]
[White "Guadamuro Torrente, Anabel"]
[Black "Cano Sanchez, Josue"]
[Result "1/2-1/2"]
[WhiteElo "2090"]
[BlackElo "2343"]
[PlyCount "97"]
[EventDate "2010.03.31"]
[EventType "swiss"]
[EventRounds "9"]
[EventCountry "ESP"]
[Source "lmi"]
[SourceDate "2010.03.31"]

1. e4 c6 2. c4 d5 3. exd5 Nf6 4. Nc3 cxd5 5. cxd5 Nxd5 6. d4 Nc6 7. Nf3 e6 8.
a3 Be7 9. Bd3 O-O 10. O-O Bf6 11. Be4 Nce7 12. Qd3 g6 13. Bh6 Re8 14. Rad1 b6
15. Ne5 Nf5 16. Bxf5 exf5 17. Rfe1 Bb7 18. Nb1 Bg5 19. Bxg5 Qxg5 20. Qg3 Qxg3
21. hxg3 Rac8 22. Nd2 f6 23. Nec4 Red8 24. Re6 Rc6 25. Rde1 Kf7 26. Rxc6 Bxc6
27. Nf3 Ne7 28. Rd1 Be4 29. Ne3 Ke6 30. Kf1 Nc6 31. Rc1 f4 32. d5+ Bxd5 33.
Nxd5 Kxd5 34. gxf4 Rd6 35. Ke2 Re6+ 36. Kd3 Re7 37. b4 Rd7 38. Ke3 Re7+ 39. Kd3
Rf7 40. Ke3 Re7+ 41. Kd3 Rd7 42. Ke3 Rc7 43. Rd1+ Ke6 44. Rc1 Kd6 45. Rd1+ Ke6
46. Rc1 Kd6 47. Rd1+ Ke6 48. Rc1 Kd6 49. Rd1+ 1/2-1/2

[Event "37. Torneo Internacional de La Roda"]
[Site "La Roda ESP"]
[Date "2010.04.02"]
[Round "5.23"]
[White "Fernandez Lledo, Javier"]
[Black "Pardo Simon, David"]
[Result "1/2-1/2"]
[WhiteElo "2080"]
[BlackElo "2316"]
[PlyCount "107"]
[EventDate "2010.03.31"]
[EventType "swiss"]
[EventRounds "9"]
[EventCountry "ESP"]
[Source "lmi"]
[SourceDate "2010.03.31"]

1. e4 e5 2. Nf3 Nc6 3. Bb5 Nge7 4. c3 g6 5. d4 exd4 6. cxd4 d5 7. exd5 Nxd5 8.
O-O Bg7 9. Re1+ Be6 10. Ne5 Qd6 11. Nc3 Nxc3 12. bxc3 O-O 13. a4 Bxe5 14. dxe5
Qxd1 15. Rxd1 Nxe5 16. Bf4 Ng4 17. h3 Nf6 18. Bxc7 Nd5 19. Be5 Rfc8 20. Rac1 f6
21. Bd4 Kf7 22. c4 Nf4 23. c5 a6 24. Bc4 Bxc4 25. Rxc4 b5 26. axb5 axb5 27. Rc2
Rd8 28. Rdd2 b4 29. c6 b3 30. Rb2 Ne6 31. Bc3 Rxd2 32. Rxd2 Nc5 33. c7 Rc8 34.
Ba5 Ne6 35. Rd3 Nxc7 36. Bxc7 Rxc7 37. Rxb3 h5 38. h4 Rc5 39. Rb6 Re5 40. g3
Re6 41. Rb7+ Re7 42. Rb6 f5 43. f4 Re6 44. Rb7+ Kf6 45. Kf2 Rd6 46. Rb5 Ke6 47.
Kf3 Rc6 48. Kf2 Kd6 49. Kf3 Rc3+ 50. Kf2 Kc6 51. Ra5 Kb6 52. Re5 Rc5 53. Re6+
Rc6 54. Re5 1/2-1/2

[Event "37. Torneo Internacional de La Roda"]
[Site "La Roda ESP"]
[Date "2010.04.03"]
[Round "6.2"]
[White "Cori Tello, Jorge"]
[Black "Diamant, Andre"]
[Result "0-1"]
[WhiteElo "2500"]
[BlackElo "2486"]
[PlyCount "112"]
[EventDate "2010.03.31"]
[EventType "swiss"]
[EventRounds "9"]
[EventCountry "ESP"]
[Source "lmi"]
[SourceDate "2010.03.31"]

1. e4 c5 2. Nf3 d6 3. d4 cxd4 4. Nxd4 Nf6 5. Nc3 Nc6 6. Be2 e6 7. O-O Be7 8.
Be3 O-O 9. f4 Bd7 10. Kh1 Nxd4 11. Qxd4 Bc6 12. Rad1 a6 13. a4 Rc8 14. Bf3 Qc7
15. Qd3 Rfe8 16. Ra1 Nd7 17. Rfd1 Nc5 18. Qe2 b6 19. Bxc5 dxc5 20. e5 Bxf3 21.
Qxf3 Red8 22. Ne4 c4 23. h3 Rxd1+ 24. Rxd1 Rd8 25. Rxd8+ Qxd8 26. Nd6 g5 27.
Ne4 Qd5 28. Nxg5 Bxg5 29. Qxd5 exd5 30. fxg5 Kf8 31. Kh2 d4 32. Kg3 b5 33. axb5
axb5 34. Kf3 b4 35. Ke2 Ke7 36. b3 d3+ 37. Kd2 dxc2 38. bxc4 b3 39. c5 Kd7 40.
h4 Kc6 41. e6 fxe6 42. h5 e5 43. g6 hxg6 44. hxg6 e4 45. g7 e3+ 46. Kd3 c1=Q
47. g8=Q b2 48. Qc8+ Kb5 49. Qb7+ Kxc5 50. Qe7+ Kc6 51. Qe6+ Kc7 52. Qe7+ Kb6
53. Qd6+ Kb7 54. Qd5+ Qc6 55. Qf7+ Kc8 56. Qb3 b1=Q+ 0-1

[Event "37. Torneo Internacional de La Roda"]
[Site "La Roda ESP"]
[Date "2010.04.03"]
[Round "6.3"]
[White "Burmakin, Vladimir"]
[Black "Gonzalez Vidal, Yuri"]
[Result "1/2-1/2"]
[WhiteElo "2604"]
[BlackElo "2512"]
[PlyCount "157"]
[EventDate "2010.03.31"]
[EventType "swiss"]
[EventRounds "9"]
[EventCountry "ESP"]
[Source "lmi"]
[SourceDate "2010.03.31"]

1. Nf3 c5 2. g3 Nc6 3. Bg2 g6 4. c4 Bg7 5. Nc3 e5 6. O-O d6 7. a3 a5 8. d3 Nge7
9. Ne1 Be6 10. Nc2 d5 11. cxd5 Nxd5 12. Ne4 b6 13. Ng5 Bc8 14. Ne3 Nde7 15. a4
O-O 16. Nc4 h6 17. Ne4 Be6 18. Ned6 Ra7 19. Nb5 Rd7 20. Qb3 Nb4 21. Bd2 Nec6
22. Bc3 Qb8 23. Nba3 Nd4 24. Bxd4 exd4 25. Nc2 h5 26. Nxb4 cxb4 27. Qd1 Rc8 28.
b3 h4 29. Rc1 Rdc7 30. Qd2 Rc5 31. Qf4 hxg3 32. hxg3 Qxf4 33. gxf4 Bh6 34. e3
Rd8 35. Rfd1 g5 36. fxg5 Rxg5 37. Kf1 Rg6 38. Be4 f5 39. Bf3 dxe3 40. fxe3 Bxc4
41. dxc4 Rxd1+ 42. Rxd1 Bxe3 43. Rd7 Bc5 44. Ke2 Rh6 45. Bd5+ Kh8 46. Bg2 Re6+
47. Kd2 Rg6 48. Bf3 Rf6 49. Bd5 Rh6 50. Bf3 Rh2+ 51. Kd3 Rf2 52. Bd1 Kg8 53.
Bh5 Rb2 54. Bd1 Rh2 55. Bf3 Rf2 56. Bh5 Rf1 57. Be2 Rb1 58. Kc2 Rg1 59. Rd5 Rg2
60. Kd2 f4 61. Rf5 Rg3 62. Bd1 Kg7 63. Ke2 Be3 64. Rd5 Kf6 65. Kd3 Ke6 66. Ke4
Rg1 67. Rd3 Rg2 68. Bf3 Rg5 69. Rd5 Rxd5 70. cxd5+ Kd6 71. Be2 Bc1 72. Bc4 Be3
73. Bb5 Bd2 74. Bf1 Be3 75. Ba6 Bg1 76. Kxf4 Kxd5 77. Bc4+ Kd4 78. Bg8 Kc3 79.
Kg4 1/2-1/2

[Event "37. Torneo Internacional de La Roda"]
[Site "La Roda ESP"]
[Date "2010.04.03"]
[Round "6.4"]
[White "Bruzon Batista, Lazaro"]
[Black "Suba, Mihai"]
[Result "1-0"]
[WhiteElo "2641"]
[BlackElo "2451"]
[PlyCount "51"]
[EventDate "2010.03.31"]
[EventType "swiss"]
[EventRounds "9"]
[EventCountry "ESP"]
[Source "lmi"]
[SourceDate "2010.03.31"]

1. e4 c5 2. Nf3 d6 3. d4 Nf6 4. Nc3 cxd4 5. Nxd4 e6 6. g4 h6 7. h3 Nc6 8. Be3
a6 9. Bg2 Nd7 10. Qe2 g5 11. O-O-O Nce5 12. f4 gxf4 13. Bxf4 Qa5 14. Nf5 exf5
15. exf5 Rb8 16. Kb1 b5 17. Bc6 Qc7 18. Bxd7+ Bxd7 19. Nd5 Qc4 20. Qe3 Bg7 21.
Bxe5 Bxe5 22. Nf6+ Kd8 23. Nxd7 Bf4 24. Qa7 Rc8 25. Nb6 Qxc2+ 26. Ka1 1-0

[Event "37. Torneo Internacional de La Roda"]
[Site "La Roda ESP"]
[Date "2010.04.03"]
[Round "6.5"]
[White "Almeida Quintana, Omar"]
[Black "Monroy, Charles"]
[Result "1-0"]
[WhiteElo "2540"]
[BlackElo "2449"]
[PlyCount "79"]
[EventDate "2010.03.31"]
[EventType "swiss"]
[EventRounds "9"]
[EventCountry "ESP"]
[Source "lmi"]
[SourceDate "2010.03.31"]

1. d4 Nf6 2. c4 e6 3. Nf3 b6 4. a3 Bb7 5. Nc3 d5 6. Bg5 Be7 7. Qa4+ c6 8. Bxf6
Bxf6 9. cxd5 exd5 10. g3 O-O 11. Bg2 Na6 12. O-O Nc7 13. Rad1 Qd7 14. e4 Rfd8
15. Rfe1 g6 16. h4 Bg7 17. Kh2 Qd6 18. exd5 cxd5 19. Ne5 a6 20. f4 Rab8 21. Bh3
Bc8 22. Bg2 Bf5 23. Rc1 Rbc8 24. Qb3 Ne6 25. Nxd5 Nxd4 26. Qxb6 Qxb6 27. Nxb6
Rb8 28. Nbc4 Nb3 29. Rcd1 Bf6 30. Bd5 Kg7 31. Ne3 Rb6 32. Nxf7 Rc8 33. Nxf5+
gxf5 34. Ne5 Rc2+ 35. Kh3 Nd2 36. b4 Rd6 37. Bg2 Rc3 38. Rc1 Rxa3 39. Rc7+ Kg8
40. Nc4 1-0

[Event "37. Torneo Internacional de La Roda"]
[Site "La Roda ESP"]
[Date "2010.04.03"]
[Round "6.6"]
[White "Guerra Bastida, Diego"]
[Black "Rizouk, Aimen"]
[Result "1/2-1/2"]
[WhiteElo "2432"]
[BlackElo "2540"]
[PlyCount "54"]
[EventDate "2010.03.31"]
[EventType "swiss"]
[EventRounds "9"]
[EventCountry "ESP"]
[Source "lmi"]
[SourceDate "2010.03.31"]

1. e4 e5 2. Nf3 Nc6 3. Bc4 Bc5 4. c3 Nf6 5. d3 a6 6. O-O Ba7 7. h3 O-O 8. Bg5
h6 9. Bh4 d6 10. Bb3 Kh8 11. Kh1 Qe7 12. Nbd2 Rg8 13. Bxf6 Qxf6 14. Nc4 Ne7 15.
Ne3 Ng6 16. Nd5 Qd8 17. Nh2 c6 18. Ne3 Rf8 19. Nhg4 Qg5 20. d4 Nf4 21. Nc4 exd4
22. cxd4 Bxg4 23. Qxg4 Rad8 24. Rad1 Qxg4 25. hxg4 d5 26. exd5 Nxd5 27. Ne5 Kg8
1/2-1/2

[Event "37. Torneo Internacional de La Roda"]
[Site "La Roda ESP"]
[Date "2010.04.03"]
[Round "6.7"]
[White "Ortiz Suarez, Isan Reynaldo"]
[Black "Valmana Canto, Jaime"]
[Result "1-0"]
[WhiteElo "2527"]
[BlackElo "2354"]
[PlyCount "93"]
[EventDate "2010.03.31"]
[EventType "swiss"]
[EventRounds "9"]
[EventCountry "ESP"]
[Source "lmi"]
[SourceDate "2010.03.31"]

1. d4 Nf6 2. c4 g6 3. Nc3 Bg7 4. e4 d6 5. Nf3 O-O 6. Be2 e5 7. O-O exd4 8. Nxd4
Re8 9. f3 c6 10. Bf4 Nh5 11. Be3 f5 12. Qd2 fxe4 13. Nxe4 d5 14. cxd5 cxd5 15.
Nc3 Nc6 16. Bf2 Nxd4 17. Bxd4 Bxd4+ 18. Qxd4 Qb6 19. Qxb6 axb6 20. Bb5 Rd8 21.
Rfe1 Kf7 22. Ba4 Be6 23. Bb3 Nf4 24. Rad1 d4 25. Re4 dxc3 26. Rxf4+ Kg7 27.
bxc3 Rxd1+ 28. Bxd1 Rxa2 29. Re4 Bf5 30. Ra4 Rd2 31. Bb3 b5 32. Rb4 Bd3 33. Rd4
Rb2 34. Bd5 Be2 35. Bxb7 Rb3 36. Rd2 Bc4 37. Rc2 Bd3 38. Rc1 Rb2 39. Rd1 Bc4
40. Rd7+ Kh6 41. h4 Be6 42. Rc7 Bg8 43. g4 b4 44. cxb4 Rxb4 45. Be4 Rb2 46. f4
Rb3 47. Kf2 1-0

[Event "37. Torneo Internacional de La Roda"]
[Site "La Roda ESP"]
[Date "2010.04.03"]
[Round "6.8"]
[White "Rojas Keim, Luis"]
[Black "Del Rio De Angelis, Salvador G"]
[Result "1-0"]
[WhiteElo "2421"]
[BlackElo "2524"]
[PlyCount "82"]
[EventDate "2010.03.31"]
[EventType "swiss"]
[EventRounds "9"]
[EventCountry "ESP"]
[Source "lmi"]
[SourceDate "2010.03.31"]

1. d4 e6 2. e4 d5 3. exd5 exd5 4. Nf3 Nc6 5. Bb5 Bd6 6. c4 dxc4 7. d5 a6 8. Ba4
b5 9. dxc6 bxa4 10. O-O Ne7 11. Qxa4 O-O 12. Nbd2 Rb8 13. a3 c3 14. bxc3 Rb6
15. Nc4 Rxc6 16. Bg5 f6 17. Nxd6 cxd6 18. Qb3+ Kh8 19. Bf4 Ng6 20. Be3 Ne5 21.
Nd4 Rc7 22. Rad1 Re8 23. Bf4 Bd7 24. Qb6 Ba4 25. Ra1 Nc4 26. Qxa6 Qd7 27. Rfb1
Rec8 28. Nb5 Bxb5 29. Qxb5 Qg4 30. Bg3 h5 31. h3 Qg6 32. Rd1 Rc5 33. Qb7 R8c6
34. Bxd6 Rxd6 35. Qb8+ Kh7 36. Rxd6 Nxd6 37. Qxd6 Rxc3 38. Qe6 Qc2 39. Qa2 Qa4
40. Qb1+ Kh6 41. Qe1 Kh7 1-0

[Event "37. Torneo Internacional de La Roda"]
[Site "La Roda ESP"]
[Date "2010.04.03"]
[Round "6.9"]
[White "Antoli Royo, Joaquin Miguel"]
[Black "Plaskett, H James"]
[Result "1/2-1/2"]
[WhiteElo "2399"]
[BlackElo "2494"]
[PlyCount "118"]
[EventDate "2010.03.31"]
[EventType "swiss"]
[EventRounds "9"]
[EventCountry "ESP"]
[Source "lmi"]
[SourceDate "2010.03.31"]

1. e4 c5 2. Nf3 d6 3. d4 cxd4 4. Qxd4 Nc6 5. Bb5 Bd7 6. Bxc6 Bxc6 7. Nc3 Nf6 8.
Bg5 e6 9. O-O-O Be7 10. Qd3 O-O 11. Nd4 Qa5 12. f4 Rfe8 13. h4 d5 14. Nb3 Qb6
15. Bxf6 dxe4 16. Nxe4 Bxe4 17. Qxe4 Bxf6 18. g4 g6 19. Rd7 Rad8 20. Rxb7 Qf2
21. g5 Bg7 22. Qe1 Qxf4+ 23. Kb1 Rf8 24. Rf1 Qa4 25. a3 Qa6 26. Rb4 Rd5 27.
Rbf4 Qb7 28. Qb4 Qc7 29. R4f2 Qe5 30. c4 Rd7 31. Qb5 Qc7 32. Nc5 Rd4 33. Ka2
Qb6 34. Nb3 Rxh4 35. Qd7 Rh3 36. Rf3 Rxf3 37. Rxf3 Qg1 38. c5 Qxg5 39. Rd3 Be5
40. c6 Qf4 41. Nd2 h5 42. Rf3 Qc4+ 43. Rb3 Qf4 44. Rb7 Qa4 45. Rb4 Qd1 46. Re4
Bg3 47. Rd4 Be5 48. Re4 Bg3 49. Rd4 Qg1 50. Ne4 Be5 51. Rb4 a5 52. Rb5 Qh2 53.
Ng5 Bf6 54. c7 Qc2 55. Rb8 Qc4+ 56. Kb1 Qf1+ 57. Ka2 Qc4+ 58. Kb1 Qf1+ 59. Ka2
Qc4+ 1/2-1/2

[Event "37. Torneo Internacional de La Roda"]
[Site "La Roda ESP"]
[Date "2010.04.03"]
[Round "6.10"]
[White "Ramiro Ovejero, Juan Luis"]
[Black "Mekhitarian, Krikor Sevag"]
[Result "1/2-1/2"]
[WhiteElo "2375"]
[BlackElo "2490"]
[PlyCount "64"]
[EventDate "2010.03.31"]
[EventType "swiss"]
[EventRounds "9"]
[EventCountry "ESP"]
[Source "lmi"]
[SourceDate "2010.03.31"]

1. e4 c5 2. Nf3 e6 3. d3 Nc6 4. g3 g6 5. Bg2 Bg7 6. O-O Nge7 7. c3 e5 8. a3 a5
9. a4 O-O 10. Na3 h6 11. Be3 d6 12. Qd2 Kh7 13. d4 b6 14. dxe5 dxe5 15. Qxd8
Rxd8 16. Rfd1 Be6 17. Nd2 Nd4 18. Bf1 Bg4 19. Re1 Rab8 20. Kg2 Bd7 21. f3 Ne6
22. Bb5 Bc8 23. Red1 f5 24. exf5 gxf5 25. Ndc4 Nd5 26. Bc6 Bb7 27. Bxb7 Rxb7
28. Bf2 Nf8 29. Ne3 Nxe3+ 30. Bxe3 Rxd1 31. Rxd1 Rd7 32. Rd2 Kg6 1/2-1/2

[Event "37. Torneo Internacional de La Roda"]
[Site "La Roda ESP"]
[Date "2010.04.03"]
[Round "6.13"]
[White "Pap, Misa"]
[Black "Forcen Esteban, Daniel"]
[Result "1/2-1/2"]
[WhiteElo "2521"]
[BlackElo "2343"]
[PlyCount "144"]
[EventDate "2010.03.31"]
[EventType "swiss"]
[EventRounds "9"]
[EventCountry "ESP"]
[Source "lmi"]
[SourceDate "2010.03.31"]

1. e4 c5 2. c3 Nf6 3. e5 Nd5 4. Nf3 e6 5. d4 cxd4 6. cxd4 d6 7. Bc4 Nc6 8. Qe2
Nb6 9. Bb3 dxe5 10. dxe5 Bb4+ 11. Nbd2 O-O 12. O-O Qc7 13. Qe4 Be7 14. Bc2 g6
15. Re1 Bd7 16. Bb1 Rfd8 17. Nf1 Rac8 18. Qg4 Be8 19. Bg5 Bxg5 20. Qxg5 Nd4 21.
N3d2 Bc6 22. Ng3 Nd5 23. h4 Qe7 24. Qh6 Qf8 25. Qg5 Qe7 26. Nde4 Qxg5 27. hxg5
Nb4 28. Rc1 Bb5 29. Nf6+ Kg7 30. Rxc8 Rxc8 31. Be4 Bc6 32. a3 Na6 33. b4 Nb8
34. Kf1 Bb5+ 35. Ke1 Ba4 36. f4 Nc2+ 37. Bxc2 Rxc2 38. Rd1 Rc8 39. Rd2 h6 40.
gxh6+ Kxh6 41. Nge4 Kg7 42. Nd6 Rc1+ 43. Kf2 b6 44. Rd3 Nd7 45. Nfe4 Rc2+ 46.
Ke1 Rxg2 47. b5 Nc5 48. Rd4 Nxe4 49. Rxe4 Bb3 50. Rb4 Bd5 51. Ra4 Rg1+ 52. Kf2
Rg2+ 53. Ke3 Rg3+ 54. Ke2 Rg2+ 55. Kf1 Rg4 56. Ne8+ Kf8 57. Nf6 Rh4 58. Nxd5
exd5 59. Kg2 g5 60. Rxa7 Rg4+ 61. Kh3 Rxf4 62. Ra6 Ke7 63. Rxb6 Rf3+ 64. Kg4
Rxa3 65. Kxg5 Rb3 66. Kf4 d4 67. Kf5 d3 68. Rb7+ Kd8 69. Rb6 Ke7 70. Rb7+ Kd8
71. Rb6 Ke7 72. Rb7+ Kd8 1/2-1/2

[Event "37. Torneo Internacional de La Roda"]
[Site "La Roda ESP"]
[Date "2010.04.03"]
[Round "6.14"]
[White "Pardo Simon, David"]
[Black "Aloma Vidal, Robert"]
[Result "0-1"]
[WhiteElo "2316"]
[BlackElo "2462"]
[PlyCount "50"]
[EventDate "2010.03.31"]
[EventType "swiss"]
[EventRounds "9"]
[EventCountry "ESP"]
[Source "lmi"]
[SourceDate "2010.03.31"]

1. e4 Nf6 2. Nc3 d5 3. e5 Ne4 4. Nce2 f6 5. d3 Ng5 6. Bxg5 fxg5 7. d4 c5 8.
dxc5 Nc6 9. f4 Qa5+ 10. c3 Qxc5 11. Nf3 gxf4 12. Ned4 e6 13. Qd2 Qb6 14. O-O-O
Bd7 15. Qxf4 O-O-O 16. h4 Kb8 17. Kb1 Bc5 18. g4 Rhf8 19. Qg3 Rc8 20. Ka1 Bxd4
21. cxd4 Nb4 22. Bd3 Ba4 23. Rd2 Nxa2 24. Bxh7 Bb3 25. Ng5 Nc1 0-1

[Event "37. Torneo Internacional de La Roda"]
[Site "La Roda ESP"]
[Date "2010.04.03"]
[Round "6.15"]
[White "Llorente Zaro, Alfonso"]
[Black "Chueca Forcen, Alberto"]
[Result "0-1"]
[WhiteElo "2456"]
[BlackElo "2282"]
[PlyCount "96"]
[EventDate "2010.03.31"]
[EventType "swiss"]
[EventRounds "9"]
[EventCountry "ESP"]
[Source "lmi"]
[SourceDate "2010.03.31"]

1. c4 e5 2. g3 Nc6 3. Nc3 g6 4. Bg2 Bg7 5. d3 d6 6. Nf3 f5 7. O-O h6 8. Rb1 Nf6
9. b4 O-O 10. b5 Ne7 11. c5 Be6 12. Ba3 g5 13. Qa4 f4 14. cxd6 cxd6 15. Ne4 Nf5
16. Bh3 Ne8 17. d4 fxg3 18. hxg3 exd4 19. Rbd1 Qb6 20. Bb2 d5 21. Ned2 Ned6 22.
g4 d3 23. gxf5 Bxb2 24. e4 Bd7 25. e5 Qxb5 26. Qg4 Bxf5 27. Qh5 Qd7 28. Bxf5
Nxf5 29. Qg6+ Qg7 30. Qxg7+ Nxg7 31. Rb1 Bc3 32. Rfd1 b6 33. Kg2 Ne6 34. Nf1
Nf4+ 35. Kh2 Rae8 36. Rbc1 Ne2 37. Rxc3 Nxc3 38. Rxd3 Ne4 39. Ng3 Nxf2 40. Ra3
Ng4+ 41. Kh3 Nxe5 42. Nd4 g4+ 43. Kg2 a5 44. Ndf5 Kh7 45. Rc3 Nc4 46. Rd3 Re5
47. Nh4 a4 48. Kg1 Re3 0-1

[Event "37. Torneo Internacional de La Roda"]
[Site "La Roda ESP"]
[Date "2010.04.03"]
[Round "6.17"]
[White "Camacho Collados, Marcos"]
[Black "Cori Tello, Deysi"]
[Result "1-0"]
[WhiteElo "2279"]
[BlackElo "2434"]
[PlyCount "73"]
[EventDate "2010.03.31"]
[EventType "swiss"]
[EventRounds "9"]
[EventCountry "ESP"]
[Source "lmi"]
[SourceDate "2010.03.31"]

1. e4 e6 2. d3 d5 3. Nd2 Nf6 4. Ngf3 Nc6 5. c3 a5 6. e5 Nd7 7. d4 f6 8. Bb5
fxe5 9. dxe5 Be7 10. h4 O-O 11. Qe2 Rf5 12. Bd3 Rxe5 13. Nxe5 Ndxe5 14. Bb5 Bd6
15. Nb3 Na7 16. Bf4 Ng6 17. Bg5 Qf8 18. Bd3 e5 19. Nxa5 e4 20. Bc2 Ne5 21. Qd2
c6 22. a4 b6 23. Nxc6 Naxc6 24. Qxd5+ Kh8 25. Qxe4 g6 26. h5 Bf5 27. hxg6 Bxg6
28. Qe2 Qf7 29. O-O-O Bf8 30. f4 Bxc2 31. Qxc2 Ng6 32. Qe4 Rc8 33. Rd7 Be7 34.
Bxe7 Ncxe7 35. f5 Qxf5 36. Rxh7+ Kg8 37. Rg7+ 1-0

[Event "37. Torneo Internacional de La Roda"]
[Site "La Roda ESP"]
[Date "2010.04.03"]
[Round "6.18"]
[White "Picazo Lopez, Juan Antonio"]
[Black "Gallardo Garcia, Andres"]
[Result "1/2-1/2"]
[WhiteElo "2269"]
[BlackElo "2412"]
[PlyCount "42"]
[EventDate "2010.03.31"]
[EventType "swiss"]
[EventRounds "9"]
[EventCountry "ESP"]
[Source "lmi"]
[SourceDate "2010.03.31"]

1. d4 Nf6 2. c4 g6 3. Nc3 Bg7 4. e4 d6 5. Be2 O-O 6. Bg5 Na6 7. g4 e5 8. d5 c6
9. h4 Nc5 10. f3 cxd5 11. cxd5 a5 12. h5 a4 13. Nh3 Bd7 14. Nf2 Rb8 15. Rc1 b5
16. Qd2 Qe7 17. Kf1 Rfc8 18. Kg2 Qf8 19. Rh2 b4 20. Ncd1 h6 21. Be3 g5 1/2-1/2

[Event "37. Torneo Internacional de La Roda"]
[Site "La Roda ESP"]
[Date "2010.04.03"]
[Round "6.19"]
[White "Bermejo Martinez, Jorge"]
[Black "Kovacevic, Slobodan"]
[Result "0-1"]
[WhiteElo "2267"]
[BlackElo "2383"]
[PlyCount "160"]
[EventDate "2010.03.31"]
[EventType "swiss"]
[EventRounds "9"]
[EventCountry "ESP"]
[Source "lmi"]
[SourceDate "2010.03.31"]

1. d4 Nf6 2. c4 e6 3. Nc3 c5 4. d5 exd5 5. cxd5 d6 6. e4 g6 7. h3 Bg7 8. Nf3
O-O 9. Bd3 a6 10. a4 Nbd7 11. O-O Nh5 12. Re1 Re8 13. Bg5 Bf6 14. Bh6 Rb8 15.
g4 Ng7 16. Bf4 Ne5 17. Be3 h5 18. Nxe5 Bxe5 19. f4 Bxc3 20. bxc3 Qh4 21. Qf3
hxg4 22. hxg4 Bxg4 23. Qg2 Qh5 24. Qh2 c4 25. Qxh5 Nxh5 26. Bxc4 Rxe4 27. Bd3
Re7 28. Bd2 Rbe8 29. Rxe7 Rxe7 30. Kf2 Nf6 31. c4 Bf5 32. Bxf5 gxf5 33. Kf3 Rc7
34. Rc1 Ne4 35. Ba5 Rc8 36. Bb4 Kf8 37. Ke3 b5 38. axb5 axb5 39. Kd4 Ke8 40.
Ba3 Ra8 41. Bb4 Ra4 42. Rb1 bxc4 43. Kxc4 Kd7 44. Kb3 Ra8 45. Rh1 Ke7 46. Rc1
Ra7 47. Rc6 Rd7 48. Kc4 Rb7 49. Ba3 Kd7 50. Bb4 Ra7 51. Rb6 Rc7+ 52. Kd4 Ke7
53. Ra6 Rd7 54. Rb6 Ra7 55. Kc4 Rc7+ 56. Kd4 Rc1 57. Rb7+ Kf6 58. Rd7 Rd1+ 59.
Kc4 Kg6 60. Bxd6 Nf6 61. Ra7 Nxd5 62. Be5 f6 63. Bb8 Nb6+ 64. Kc3 Nd7 65. Bc7
Kh5 66. Kc2 Rd5 67. Ra5 Rxa5 68. Bxa5 Kg4 69. Bc7 Nc5 70. Bd8 Ne4 71. Bc7 Kf3
72. Kd3 Nc5+ 73. Kc4 Ne6 74. Bd6 Nxf4 75. Be7 Nh5 76. Kd5 Kg4 77. Kd4 f4 78.
Kd3 f3 79. Bd6 f2 80. Ke2 Ng3+ 0-1

[Event "37. Torneo Internacional de La Roda"]
[Site "La Roda ESP"]
[Date "2010.04.03"]
[Round "6.20"]
[White "Bendayan Claros, Aaron"]
[Black "Espinosa Aranda, Angel"]
[Result "0-1"]
[WhiteElo "2196"]
[BlackElo "2383"]
[PlyCount "58"]
[EventDate "2010.03.31"]
[EventType "swiss"]
[EventRounds "9"]
[EventCountry "ESP"]
[Source "lmi"]
[SourceDate "2010.03.31"]

1. d4 g6 2. c4 Bg7 3. Nc3 d6 4. e4 Nd7 5. Be3 e5 6. d5 Ne7 7. Bd3 O-O 8. Qd2 f5
9. f3 Nf6 10. h3 c6 11. dxc6 bxc6 12. O-O-O Qc7 13. Bc2 Rd8 14. Bb3 Be6 15. Kb1
a5 16. Nge2 fxe4 17. fxe4 a4 18. Bxa4 Bxc4 19. Bc2 d5 20. exd5 cxd5 21. Bf2 d4
22. Nxd4 exd4 23. Bxd4 Nc6 24. Qf4 Nxd4 25. Rxd4 Rxd4 26. Qxd4 Nd5 27. Nxd5
Bxa2+ 28. Kc1 Qxc2+ 29. Kxc2 Bxd4 0-1